000 00442nam a2200193Ia 4500
005 20240823052353.0
008 240823s9999||||xx |||||||||||||| ||und||
020 _a978-81-7273-627-9
041 _aENGLISH
082 _A809 Q2
100 _aAnand B Patil
245 0 _aComparative Literature
250 _a1st
260 _c2012
_bAuthors
_aDelhi
500 _aYES
650 _aLiterature
_bGeneral
942 _cBK
999 _c221706
_d221706